| 000 | 00720cam a22002414a 4500 | ||
|---|---|---|---|
| 008 | |||
| 020 | _a9781412977852 (pbk.) | ||
| 049 | _aMAIN | ||
| 090 |
_aBF201 _bKEL |
||
| 100 | 1 | _aKellogg, Ronald Thomas. | |
| 245 | 1 | 0 |
_aFundamentals of cognitive psychology / _cRonald T. Kellogg. |
| 250 | _a2nd ed. | ||
| 260 |
_aThousand Oaks, California : _bSAGE, _c2012. |
||
| 300 |
_axvi, 359 p. : _bill. (some col.) ; _c24 cm. |
||
| 500 | _aIncludes index. | ||
| 504 | _aIncludes bibliographical references. | ||
| 650 | 0 | _aCognitive psychology. | |
| 907 |
_a.b1037405x _b02-06-16 _c01-06-16 |
||
| 003 | |||
| 005 | 20230123122219.0 | ||
| 040 | _cNUST | ||
| 942 |
_cBOOKS _kBF201 _mKEL |
||
| 999 |
_c129771 _d129771 |
||